<?xml version="1.0" encoding="UTF-8"?><marc:collection xmlns:marc="http://www.loc.gov/MARC21/slim">
  <marc:record>
    <marc:leader>00000nam  2200000zi 4500</marc:leader>
    <marc:controlfield tag="001">9.927940</marc:controlfield>
    <marc:controlfield tag="003">CaOODSP</marc:controlfield>
    <marc:controlfield tag="005">20250722154726</marc:controlfield>
    <marc:controlfield tag="006">m     o  d f      </marc:controlfield>
    <marc:controlfield tag="007">cr mn|||||||||</marc:controlfield>
    <marc:controlfield tag="008">230929t20232023onc     ob   f000 0 fre d</marc:controlfield>
    <marc:datafield tag="020" ind1=" " ind2=" ">
      <marc:subfield code="a">9780660681252</marc:subfield>
    </marc:datafield>
    <marc:datafield tag="040" ind1=" " ind2=" ">
      <marc:subfield code="a">CaOODSP</marc:subfield>
      <marc:subfield code="b">fre</marc:subfield>
      <marc:subfield code="e">rda</marc:subfield>
      <marc:subfield code="c">CaOODSP</marc:subfield>
    </marc:datafield>
    <marc:datafield tag="043" ind1=" " ind2=" ">
      <marc:subfield code="a">n-cn---</marc:subfield>
    </marc:datafield>
    <marc:datafield tag="086" ind1="1" ind2=" ">
      <marc:subfield code="a">T94-53/2-2024F-PDF</marc:subfield>
    </marc:datafield>
    <marc:datafield tag="245" ind1="0" ind2="4">
      <marc:subfield code="a">Les lignes directrices sur les GES modules : </marc:subfield>
      <marc:subfield code="b">nouveaux parcs de véhicules v1.0 / </marc:subfield>
      <marc:subfield code="c">Infrastructure Canada.</marc:subfield>
    </marc:datafield>
    <marc:datafield tag="264" ind1=" " ind2="1">
      <marc:subfield code="a">Ottawa (Ontario) : </marc:subfield>
      <marc:subfield code="b">Infrastructure Canada, </marc:subfield>
      <marc:subfield code="c">[2023]</marc:subfield>
    </marc:datafield>
    <marc:datafield tag="264" ind1=" " ind2="4">
      <marc:subfield code="c">©2023</marc:subfield>
    </marc:datafield>
    <marc:datafield tag="300" ind1=" " ind2=" ">
      <marc:subfield code="a">1 ressource en ligne (23 pages)</marc:subfield>
    </marc:datafield>
    <marc:datafield tag="336" ind1=" " ind2=" ">
      <marc:subfield code="a">texte</marc:subfield>
      <marc:subfield code="b">txt</marc:subfield>
      <marc:subfield code="2">rdacontent/fre</marc:subfield>
    </marc:datafield>
    <marc:datafield tag="337" ind1=" " ind2=" ">
      <marc:subfield code="a">informatique</marc:subfield>
      <marc:subfield code="b">c</marc:subfield>
      <marc:subfield code="2">rdamedia/fre</marc:subfield>
    </marc:datafield>
    <marc:datafield tag="338" ind1=" " ind2=" ">
      <marc:subfield code="a">ressource en ligne</marc:subfield>
      <marc:subfield code="b">cr</marc:subfield>
      <marc:subfield code="2">rdacarrier/fre</marc:subfield>
    </marc:datafield>
    <marc:datafield tag="500" ind1=" " ind2=" ">
      <marc:subfield code="a">Publié aussi en anglais sous le titre : The GHG guidance modules: new mobile fleets v1.0.</marc:subfield>
    </marc:datafield>
    <marc:datafield tag="504" ind1=" " ind2=" ">
      <marc:subfield code="a">Comprend des références bibliographiques.</marc:subfield>
    </marc:datafield>
    <marc:datafield tag="520" ind1=" " ind2=" ">
      <marc:subfield code="a">« Le présent module des lignes directrices sur les GES fournit des renseignements pour contribuer à quantifier les réductions d'émissions de gaz à effet de serre (GES) découlant de la mise en œuvre d'un nouveau parc de véhicules, qui est plus économe en carburant ou bien utilise un carburant plus propre. Les réductions d'émissions sont calculées en fonction de la différence entre la combustion de carburant conventionnel (gaz/diesel) dans des parcs de véhicules moins efficaces (la référence) et la combustion de carburant dans des parcs de véhicules plus efficaces ou qui utilisent une forme d'énergie plus écologique (le projet). Les modules des lignes directrices sur les GES offrent une approche simple et sectorielle de la quantification des GES pour divers projets au Canada. Ils sont destinés à être utilisés par des professionnels qualifiés ayant une expertise liée au projet et de préférence un certain niveau d'expérience en matière de comptabilisation des émissions de GES. Chaque module de lignes directrices sur les GES est fondé sur des normes internationales et définit un ensemble prédéterminé d'éléments techniques (c.-à-d. les bases de référence, les activités et les variables) et d'autres considérations, nécessaires pour quantifier les avantages en matière de GES d'un type de projet ou d'un secteur particulier. … » -- Introduction, page 5.</marc:subfield>
    </marc:datafield>
    <marc:datafield tag="650" ind1=" " ind2="6">
      <marc:subfield code="a">Parcs de véhicules automobiles</marc:subfield>
      <marc:subfield code="x">Consommation d'énergie</marc:subfield>
      <marc:subfield code="z">Canada.</marc:subfield>
    </marc:datafield>
    <marc:datafield tag="650" ind1=" " ind2="6">
      <marc:subfield code="a">Gaz à effet de serre</marc:subfield>
      <marc:subfield code="x">Réduction</marc:subfield>
      <marc:subfield code="z">Canada.</marc:subfield>
    </marc:datafield>
    <marc:datafield tag="710" ind1="1" ind2=" ">
      <marc:subfield code="a">Canada. </marc:subfield>
      <marc:subfield code="b">Infrastructure Canada, </marc:subfield>
      <marc:subfield code="e">organisme de publication.</marc:subfield>
    </marc:datafield>
    <marc:datafield tag="775" ind1="0" ind2="8">
      <marc:subfield code="t">The GHG guidance modules : </marc:subfield>
      <marc:subfield code="w">(CaOODSP)9.927939</marc:subfield>
    </marc:datafield>
    <marc:datafield tag="856" ind1="4" ind2="0">
      <marc:subfield code="q">PDF</marc:subfield>
      <marc:subfield code="s">1.58 Mo</marc:subfield>
      <marc:subfield code="u">https://publications.gc.ca/collections/collection_2024/infc/T94-53-2-2024-fra.pdf</marc:subfield>
    </marc:datafield>
    <marc:datafield tag="856" ind1="4" ind2=" ">
      <marc:subfield code="q">HTML</marc:subfield>
      <marc:subfield code="s">S.O.</marc:subfield>
      <marc:subfield code="u">https://logement-infrastructure.canada.ca/pub/cl-oc/mobile-fleets-ghg-module-ges-parcs-vehicules-fra.html</marc:subfield>
    </marc:datafield>
  </marc:record>
</marc:collection>
